Discuros políticos (Registro nro. 299790)
[ vista simple ]
| 000 -ENCABEZADO | |
|---|---|
| Número de control [NR] | 01431nam a22002537a 4500 |
| 005 - FECHA Y HORA DE LA ÚLTIMA TRANSACCIÓN | |
| control field | 20150526090100.0 |
| 008 - DE LONGITUD FIJA DE DATOS DE ELEMENTOS - INFORMACIÓN GENERAL | |
| Elementos de longitud fija [NR] | 150526s1922 ag ||||fr|||| 001 0 eng d |
| 040 ## - FUENTE DE CATALOGACION [NR] | |
| Quien Cataloga | Sandra Yazo |
| Quien Clasifica | Sandra Yazo |
| 041 0# - CODIGO DE IDIOMA [R] | |
| Código de idioma para texto/pista de sonido o título separado [R] | Español |
| 082 04 - NUMERO DE CLASIFICACION DECIMAL DEWEY [R] | |
| Número de la edición [NR] | 20 |
| Número de clasificación [R] | 865.982 |
| 092 ## - SIGNATURA TOPOGRAFICA LOCAL | |
| Número de clasificación local | E35N026 |
| 100 1# - ASIENTO PRINCIPAL--NOMBRE PERSONAL [NR] | |
| Nombre personal [NR] | Valle, Aristóbulo del |
| Fechas asociadas con el nombre [NR] | 1845-1896 |
| ID Autoridad | 69135 |
| 245 10 - MENCION DE TITULO [NR] | |
| Título [NR] | Discuros políticos |
| Mención de responsabilidad, etc. [NR] | Arístobulo del Valle |
| 260 ## - PUBLICACION, DISTRIBUCION, ETC. (PIE DE IMPRENTA) [R] | |
| Lugar de publicación, distribución, etc. [R] | Buenos Aries (Argentina) |
| Nombre del editor, distribuidor, etc. [R] | Administración: Voccaro |
| Fecha de publicación, distribución, etc. [R] | 1922 |
| 300 ## - DESCRIPCION FISICA [R] | |
| Extensión [R] | 286 páginas |
| Dimensiones [R] | 22 x 14 cm. |
| 490 #0 - MENCION DE SERIE [R] | |
| Mención de serie [R] | La cultura Argentina |
| 500 ## - NOTA GENERAL [R] | |
| Nota general [NR] | Detalles físicos: Encuadernación rígida en cartón forrado en papel. Lomo en tela encolada y adornos en dorado. Guardas en papel. Hoja de cortesía. Anteportada. Portada impresa en una tinta. Texto en una columna. Varias páginas con bordes deteriorados |
| 505 1# - NOTA DE CONTENIDO CON FORMATO PREESTABLECIDO [R] | |
| Nota de contenido con formato preestablecido [NR] | Discursos en el senado (1886-1891): Elecciones de senado por lo Capital ; Ley de Imprenta ; Obras de Salubridad ; Bancos libres ; Matrimonio civil ; Ferrocarriles garantidos ; Emisiones clandestinas ; Emisiones clandestinas y situación bancaria ; La situación política del país -- Discursos minístrales (1893) ; Intervención a las provincias ; Discurso al pueblo -- Discurso académico (1895) |
| 506 ## - NOTA DE RESTRICCIONES DE ACCESO [R] | |
| Condiciones de acceso [NR] | Consulta en sala |
| 650 #7 - ASIENTO SECUNDARIO DE MATERIA - TERMINO TEMATICO [R] | |
| Término temático o nombre geográfico como elemento de entrada [NR] | Discursos argentinos |
| 9 (RLIN) | 69136 |
| 650 #7 - ASIENTO SECUNDARIO DE MATERIA - TERMINO TEMATICO [R] | |
| Término temático o nombre geográfico como elemento de entrada [NR] | Oratoria argentina |
| 9 (RLIN) | 69137 |
| 690 ## - ASUNTO AGREGADO LOCAL DE ENTRADA - TÉRMINO TEMÁTICO (OCLC, RLIN) | |
| 9 (RLIN) | 42866 |
| Acceso temático local | Literatura latinoamericana |
| 942 ## - ELEMENTOS DE ENTRADA AGREGADOS (KOHA) | |
| Sistema de clasificación | LOCAL |
| Tipo de ítem principal el descrito en 300a | Libro |
| Edición | 1 |
| Clasificación | E35N026 |
| Suprimido | Perdido | Sistema de clasificación | Dañado | No prestable | Tipo de ítem específico | Ubicación habitual | Ubicación actual | Localización | Fecha de creación | Forma de adquisición | Costo | Total préstamos | Signatura topográfica | Código de barras | Última vez visto | Ejemplar | Price effective from | Tipo de ítem |
|---|---|---|---|---|---|---|---|---|---|---|---|---|---|---|---|---|---|---|
| LOCAL | Libro archivo | Archivo Histórico | Archivo Histórico | Archivo histórico | 26/05/2015 | Donación | 0.00 | E35N026 | L004872 | 26/05/2015 | Ej.1 | 26/05/2015 | Libro |